Перейти до змісту

Информационная структура предприятия Учебное пособие

Приведены сведения об информационной структуре предприятия с точ- ки зрения взаимодействия информационных и информационно-телекомму- никационных систем и сетей поддержки производственных процессов на не- скольких уровнях управления: административно-хозяйственном производст- венном технологическом. Р...

Повний опис

Збережено в:
Бібліографічні деталі
Автор: Капулин Д.В
Формат: Учебное пособие
Онлайн доступ:https://znanium.com/catalog/document?id=287823
https://znanium.com/cover/0550/550387.jpg
Теги: Додати тег
Немає тегів, Будьте першим, хто поставить тег для цього запису!
LEADER 03365nam0a2200337 i 4500
001 RU\infra-m\znanium\bibl\550387
003 https://znanium.com/catalog/document?id=287823
005 20190808000000.0
010 |a 978-5-7638-3128-3 
100 |a 20190808d2016 m y0rusy0150 ca 
101 0 |a rus 
102 |a RU 
200 1 |a Информационная структура предприятия  |e Учебное пособие  |f Сибирский федеральный университет 
210 1 |a Красноярск  |c Сибирский федеральный университет  |d 2014 
215 |a 186 с. 
330 |a Приведены сведения об информационной структуре предприятия с точ- ки зрения взаимодействия информационных и информационно-телекомму- никационных систем и сетей поддержки производственных процессов на не- скольких уровнях управления: административно-хозяйственном производст- венном технологическом. Рассмотрены анализ информационной структуры предприятия относительно производственной и организационной структур в рамках его деятельности; вопросы проектирования информационно- управляющих систем и инфокоммуникационной сетей при построении сете- вой инфраструктуры предприятия. Предназначено для студентов-магистрантов укрупненной группы 27.00.00 «Управление в технических системах» обучающихся по направле- нию 27.04.04 «Управление в технических системах» программы 27.04.04.01 «Интегрированные системы управления производством». 
333 |a ВО - Магистратура 
606 |a Управление (менеджмент)  |x Информационные технологии в управлении  |2 local 
608 |a Учебное пособие  |2 local 
675 |a 658  |z rus 
686 |a 6530  |2 rubbk 
686 |a 09.03.02  |2 okso 
686 |a 09.04.02  |2 okso 
686 |a 38.03.02  |2 okso 
686 |a 38.04.02  |2 okso 
700 1 |a Капулин  |b Д.В.  |g Денис Владимирович  |p Сибирский федеральный университет 
701 1 |a Кузнецов  |b А.С.  |g Александр Сергеевич  |p Сибирский федеральный университет 
701 1 |a Носкова  |b Е.Е.  |g Елена Евгеньевна  |p Сибирский федеральный университет 
801 0 |a RU  |b Общество с ограниченной ответственностью «ЗНАНИУМ»  |c 20160314  |2 rusmarc 
856 4 |a znanium.com  |m ebs_support@infra-m.ru  |n НИЦ ИНФРА-М  |u https://znanium.com/catalog/document?id=287823 
856 4 1 |a znanium.com  |d /cover/0550  |f 550387.jpg  |q image/jpeg  |u https://znanium.com/cover/0550/550387.jpg